000 01617nam a22003737a 4500
001 0074
003 DO-SdBPM
005 20260218122020.0
007 ta
008 151006b2006 sp | |||| 00| 0 spa d
020 _a8475098525
020 _a9788475098524
040 _aDO-SdBPM
_bspa
_cBPMSU
_erda
082 4 _a370.15
_bH557p 2006
_222
100 1 _aHernández, Fernando.
_eautor
_4aut.
245 1 0 _aPara enseñar no basta con saber la asignatura /
_cFernando Hernández, Juana María Sancho.
260 _c
264 _a Barcelona :
_bEdiciones Paidós Ibérica,
_c2006
300 _a222 páginas ;
_c 22 cm
_b
336 _atexto
_btxt
_2rdacontent
337 _asin mediación
_bn
_2rdamedia
338 _avolumen
_bnc
_2rdacarrier
490 0 _aPapeles de pedagogía,
_v10
500 _a
504 _a Bibliográfica :páginas 213-222
505 0 _aUn nuevo profesorado para un nuevo contexto educativo, 19 -- Las decisiones en torno a la enseñanza: el campo del currículum, 35 -- Visión sobre el aprendizaje y la enseñanza. la búsqueda de un dorado eficaz, 55 -- La organización de los conocimientos escolares, 101 -- El docente como profesional de la enseñanza, 127 -- El estudiante-adolescente que vive y aprende en un contexto de cambio, 157 -- Los ámbitos de la evaluación, 183.
590 _aInventariado, 2026/VM
650 7 _a Psicopedagogía
650 7 _aEvaluación educativa
650 7 _aProfesores
_xFormación profesional
700 1 _aSancho Gil, Juana María,
_d1948-
_eautor
_4aut.
910 _aVMateo V. Control de calidad. BPMSU
942 _2ddc
_cBK
999 _c15714
_d15714